Mystery of the hidden tunnel, 1

Bibliographic Details
Format: Book
Published: Kuala Lumpur : Penerbitan Fargoes , 2005
Series:Non-stop mystery series
Subjects:

MARC

LEADER 00000cam a2200000 7i4500
001 0000002820
005 20151222.0
008 070716
020 |a 9831284224 
090 0 0 |a JF   |b ENG 
245 1 0 |a Mystery of the hidden tunnel, 1 
260 |a Kuala Lumpur :   |b Penerbitan Fargoes ,   |c 2005 
440 |a Non-stop mystery series 
500 |a Children ages 10-12 years old (pink) 
650 0 |a Adventure 
650 0 |a Junior fiction   |x English   |x Languages 
999 |a 0000969427   |b Book   |c Children Collection   |e Cawangan Tmn. Ungku Tun Aminah 
999 |a 0000969428   |b Book   |c Children Collection   |e Cawangan Pontian 
999 |a 0000969429   |b Book   |c Children Collection   |e Cawangan Segamat 
999 |a 0000969430   |b Book   |c Children Collection   |e Cawangan Pontian 
999 |a 0000969431   |b Book   |c Children Collection   |e Cawangan Sri Merlong 
999 |a 0001147305   |b Book   |c Children Collection   |e Cawangan Bukit Gambir 
999 |a 0001147306   |b Book   |c Children Collection   |e Cawangan Batu Pahat 
999 |a 0001163584   |b Book   |c Children Collection   |e Cawangan Bandar Penawar 
999 |a 0001163586   |b Book   |c Children Collection   |e Cawangan Bukit Gambir 
999 |a 0001163587   |b Book   |c Children Collection   |e Cawangan Taman Universiti 
999 |a 0001163588   |b Book   |c Teenagers   |e Cawangan Bandar Tenggara 
999 |a 0001163590   |b Book   |c Children Collection   |e Cawangan Tangkak 
999 |a 0001163591   |b Book   |c Children Collection   |e Cawangan Segamat 
999 |a 0001163592   |b Book   |c Children Collection   |e Cawangan Tmn. Ungku Tun Aminah 
999 |a 0001163593   |b Book   |c Children Collection   |e Cawangan Batu Pahat 
999 |a 0001163595   |b Book   |c Children Collection   |e Cawangan Mersing 
999 |a 0001163596   |b Book   |c Children Collection   |e Cawangan Pontian